El último que se duerma

সংরক্ষণ করুন:
গ্রন্থ-পঞ্জীর বিবরন
প্রধান লেখক: Durán Ayanegui, Fernando
বিন্যাস: গ্রন্থ
ভাষা:Undetermined
প্রকাশিত: San José, Costa Rica Fernández-Arce 1976
বিষয়গুলি:
ট্যাগগুলো: ট্যাগ যুক্ত করুন
কোনো ট্যাগ নেই, প্রথমজন হিসাবে ট্যাগ করুন!

MARC

LEADER 00000nam a2200000Ia 4500
008 170316s9999 xx 000 0 und d
040 |a cru BVZT 
090 |a 868 D-16u 
100 |a Durán Ayanegui, Fernando 
245 |a El último que se duerma 
260 |a San José, Costa Rica 
260 |b Fernández-Arce 
260 |c 1976 
300 |a 191 páginas 
650 |a LITERATURA COSTARRICENSE 
999 |c 10939  |d 10939 
942 |c 15 D  |h 868 D-16u  |2 z